Land vs. Land #65 - Statistiken

Allgemein
  • Dieses Quiz wurde 25 mal gespielt
  • Das Durchschnittsergebnis liegt bei 12 aus 14
Antwortstatistiken
Frage Antwort % Korrekt
...Bruttoinlandsprodukt pro Kopf? Tschechien🇨🇿
100%
...Frieden? Tschechien🇨🇿
100%
...Gewinner? Tschechien🇨🇿
100%
...HDI (Human Development Index)? Tschechien🇨🇿
96%
...Gesundheitswesen? Tschechien🇨🇿
96%
...Lebenserwartung? Tschechien🇨🇿
96%
...Bruttoinlandsprodukt? Tschechien🇨🇿
91%
...durchschnittlicher IQ? Tschechien🇨🇿
91%
...Exportmengen? Tschechien🇨🇿
87%
...Tourismus? Tschechien🇨🇿
83%
...Happy Planet Index? Tschechien🇨🇿
70%
...Fläche? Laos🇱🇦
65%
...Einwohner? Tschechien🇨🇿
52%
...Militär? Laos🇱🇦
26%
Keine übereinstimmenden Quizze gefunden
Verteilung der Resultate
Anzahl Personen mit jedem Resultat
Perzentil nach korrekt beantworteten Fragen
Ihre Resultats-Entwicklung
Sie haben dieses Quiz noch nicht gespielt